[Event "Manitoba op"]
[Site "Winnipeg CAN"]
[Date "1999.05.24"]
[Round "5"]
[White "Schulz, Waldemar"]
[Black "Khedkar, Jay"]
[Result "0-1"]
[WhiteElo "2068"]
[BlackElo "1931"]
[PlyCount "96"]
[GameId "2160767911809002"]
[EventDate "1999.05.22"]
[EventType "swiss"]
[EventRounds "6"]
[EventCountry "CAN"]

1. d4 Nf6 2. c4 e6 3. g3 c5 4. Nf3 cxd4 5. Bg2 e5 6. O-O Nc6 7. b3 Be7 8. Bb2 d6 9. Nbd2 O-O 10. Qc2 Bg4 11. Rfe1 Rc8 12. a3 b5 13. e3 bxc4 14. bxc4 dxe3 15. Rxe3 Nd7 16. Nb3 Na5 17. Rc3 Nxb3 18. Qxb3 Nc5 19. Qc2 Bf6 20. Re3 e4 21. Nd2 d5 22. Bxf6 Qxf6 23. Rf1 Qd4 24. cxd5 Nd3 25. Qa2 Nc1 26. Rxc1 Rxc1+ 27. Nf1 Bf3 28. Qb3 Bxg2 29. Kxg2 Qd1 30. Qxd1 Rxd1 31. Rxe4 Rxd5 32. a4 Rb8 33. Ne3 Ra5 34. Rd4 Kf8 35. Nd1 Rb3 36. Rc4 Rd3 37. Nc3 Ke7 38. Nb5 Rd7 39. Nd4 Rad5 40. Nf3 Rd1 41. h4 f6 42. h5 R1d5 43. h6 gxh6 44. Rh4 h5 45. Kh3 a5 46. g4 Rb7 47. g5 fxg5 48. Rxh5 g4+ 0-1

[Event "Manitoba op"]
[Site "Winnipeg CAN"]
[Date "1999.05.24"]
[Round "6"]
[White "Gibbons, Michael"]
[Black "Kaptsan, Aron"]
[Result "1-0"]
[WhiteElo "2005"]
[BlackElo "2170"]
[PlyCount "57"]
[GameId "2160767911809004"]
[EventDate "1999.05.22"]
[EventType "swiss"]
[EventRounds "6"]
[EventCountry "CAN"]
[SourceTitle "EXT 2002"]
[Source "ChessBase"]
[SourceDate "2001.11.25"]
[SourceVersion "1"]
[SourceVersionDate "2001.11.25"]
[SourceQuality "1"]

1. Nf3 g6 2. d4 Bg7 3. e4 d6 4. Nc3 Nf6 5. h3 O-O 6. Be3 c6 7. a4 Qc7 8. Bd3 Nbd7 9. Qd2 Re8 10. O-O e5 11. dxe5 Nxe5 12. Nxe5 dxe5 13. Qe2 Nh5 14. Rfd1 Nf4 15. Qf1 Qe7 16. Ne2 Nxd3 17. Rxd3 Qb4 18. Nc3 Qxb2 19. Rb1 Qa3 20. Nd5 Qxa4 21. Nc7 Be6 22. Nxe8 Rxe8 23. Qc1 Qxe4 24. Rxb7 a6 25. Qd2 Bd5 26. f3 Qc4 27. Rdb3 Be6 28. R7b4 Qd5 29. Qxd5 1-0

[Event "Manitoba op"]
[Site "Winnipeg CAN"]
[Date "1999.05.24"]
[Round "6"]
[White "Lauritson, Jim"]
[Black "Nikouline, Alexandre"]
[Result "1-0"]
[WhiteElo "2028"]
[BlackElo "2107"]
[PlyCount "43"]
[GameId "2160767911809006"]
[EventDate "1999.05.22"]
[EventType "swiss"]
[EventRounds "6"]
[EventCountry "CAN"]

1. e4 c5 2. Nf3 Nc6 3. d4 cxd4 4. Nxd4 Nf6 5. Nc3 e5 6. Ndb5 d6 7. Bg5 a6 8. Na3 b5 9. Nd5 Be7 10. Bxf6 gxf6 11. c3 f5 12. Bd3 Be6 13. Nxe7 Nxe7 14. Qh5 f4 15. Nc2 Qd7 16. Be2 O-O-O 17. a4 f5 18. Qf3 fxe4 19. Qxe4 Bd5 20. Qd3 Bxg2 21. Rg1 Bc6 22. Bg4 1-0

[Event "Manitoba op"]
[Site "Winnipeg CAN"]
[Date "1999.05.24"]
[Round "6"]
[White "Lipnowski, Irwin"]
[Black "Sadov, Sergey"]
[Result "1-0"]
[WhiteElo "2336"]
[BlackElo "1999"]
[PlyCount "103"]
[GameId "2160767911809008"]
[EventDate "1999.05.22"]
[EventType "swiss"]
[EventRounds "6"]
[EventCountry "CAN"]

1. c4 e6 2. Nf3 d5 3. g3 Nf6 4. Bg2 Be7 5. O-O O-O 6. b3 a5 7. Bb2 Ne4 8. d3 Bf6 9. Qc2 Bxb2 10. Qxb2 Nc5 11. Nbd2 Qe7 12. a3 Nc6 13. Rfb1 Na6 14. Ne5 f6 15. Nxc6 bxc6 16. Qc3 Nb8 17. Rc1 Ra7 18. b4 axb4 19. axb4 Rb7 20. b5 Bd7 21. bxc6 Bxc6 22. cxd5 Bxd5 23. Nc4 Bxg2 24. Kxg2 c5 25. Na5 Rc7 26. Rab1 Rfc8 27. Qb3 Nc6 28. Nxc6 Rxc6 29. Rc3 Kf7 30. Rbc1 Qd7 31. Kg1 Qd6 32. Qa4 Qd5 33. Rc4 e5 34. Qc2 g6 35. e3 h5 36. h4 Rd8 37. d4 e4 38. Rxc5 Rxc5 39. dxc5 Qd3 40. Qa2+ Qd5 41. Qxd5+ Rxd5 42. c6 Rd8 43. c7 Rc8 44. Rc6 g5 45. Kf1 Ke7 46. Ke2 g4 47. Kd2 f5 48. Rc5 Kd6 49. Rxf5 Rxc7 50. Rxh5 Rf7 51. Ke2 Rg7 52. Rg5 1-0

[Event "Manitoba op"]
[Site "Winnipeg CAN"]
[Date "1999.05.24"]
[Round "6"]
[White "Moffat, Ron"]
[Black "Gannon, Keith"]
[Result "1/2-1/2"]
[WhiteElo "1667"]
[BlackElo "1648"]
[PlyCount "128"]
[GameId "2160767911809009"]
[EventDate "1999.05.22"]
[EventType "swiss"]
[EventRounds "6"]
[EventCountry "CAN"]

1. d4 d5 2. c4 e6 3. Nc3 Nf6 4. Bg5 Be7 5. e3 O-O 6. Nf3 c5 7. cxd5 Nxd5 8. Bxe7 Qxe7 9. Nxd5 exd5 10. Be2 c4 11. O-O Nc6 12. b3 b5 13. a4 bxa4 14. bxc4 dxc4 15. Bxc4 a3 16. Qa4 Bd7 17. Qxa3 Qxa3 18. Rxa3 Rfc8 19. Bd5 a5 20. h3 Ra7 21. Bxc6 Bxc6 22. Ne5 Be8 23. Rfa1 Rca8 24. d5 f6 25. Nc4 a4 26. e4 Bb5 27. Ne3 Re8 28. f3 Rc7 29. Nf5 Rec8 30. Nd6 Rc1+ 31. Rxc1 Rxc1+ 32. Kh2 Bd7 33. Kg3 Kf8 34. h4 Ke7 35. Nf5+ Bxf5 36. exf5 Rd1 37. Rxa4 Rxd5 38. Ra7+ Kf8 39. Kg4 Rd4+ 40. Kh3 Rf4 41. Ra5 Rd4 42. h5 h6 43. g4 Rd3 44. Kg3 Rd4 45. Ra3 Rb4 46. f4 Rc4 47. Kf3 Rd4 48. Re3 Ra4 49. g5 hxg5 50. fxg5 fxg5 51. Re4 Ra1 52. Rg4 Rf1+ 53. Ke4 Kf7 54. Rxg5 Re1+ 55. Kf3 Rf1+ 56. Kg2 Rf4 57. Kg3 Rf1 58. Kh2 Kf6 59. Rg6+ Kxf5 60. Rxg7 Rd1 61. h6 Rd8 62. Kg3 Rh8 63. h7 Kf6 64. Rb7 Kg6 1/2-1/2

[Event "Manitoba op"]
[Site "Winnipeg CAN"]
[Date "1999.05.24"]
[Round "6"]
[White "Rasmussen, Barry"]
[Black "Babb, Jeff"]
[Result "0-1"]
[WhiteElo "2240"]
[BlackElo "2140"]
[PlyCount "78"]
[GameId "2160767911809010"]
[EventDate "1999.05.22"]
[EventType "swiss"]
[EventRounds "6"]
[EventCountry "CAN"]
[SourceTitle "EXT 2002"]
[Source "ChessBase"]
[SourceDate "2001.11.25"]
[SourceVersion "1"]
[SourceVersionDate "2001.11.25"]
[SourceQuality "1"]

1. e4 d6 2. d4 Nf6 3. Nc3 g6 4. Be3 c6 5. f3 Nbd7 6. Qd2 Qa5 7. O-O-O a6 8. Kb1 b5 9. g4 Nb6 10. Nd5 Qxd2 11. Nxf6+ exf6 12. Bxd2 h5 13. gxh5 Rxh5 14. Ne2 Bd7 15. Ng3 Rh4 16. Be1 Bh3 17. Rg1 O-O-O 18. Bd3 Rh7 19. b3 Bh6 20. Bd2 Bxd2 21. Rxd2 Be6 22. Rc1 Rdh8 23. Nf1 Kb7 24. c4 bxc4 25. bxc4 c5 26. d5 Bh3 27. Ne3 Bd7 28. Nf1 Kc7 29. Rb2 Rh3 30. Rf2 Bc8 31. Rcc2 Nd7 32. Ng3 Ne5 33. Bf1 R3h4 34. Kb2 Bh3 35. Kc3 Bxf1 36. Nxf1 Rf4 37. Nd2 Ng4 38. Rg2 Ne3 39. Rf2 Nd1+ 0-1

[Event "Manitoba-ch"]
[Site "Winnipeg CAN"]
[Date "1999.02.13"]
[Round "1"]
[White "Baragar, Fletcher"]
[Black "Cleto, Sam"]
[Result "1-0"]
[WhiteElo "2285"]
[BlackElo "1975"]
[PlyCount "61"]
[GameId "2160767911805649"]
[EventDate "1999.02.13"]
[EventType "tourn"]
[EventRounds "7"]
[EventCountry "CAN"]

1. d4 Nf6 2. c4 g6 3. Nc3 Bg7 4. e4 d6 5. Be2 O-O 6. Bg5 Nbd7 7. Qd2 e5 8. d5 Nc5 9. f3 c6 10. b4 Na6 11. a3 cxd5 12. cxd5 Qb6 13. Bd3 Nh5 14. Nge2 Bd7 15. Be3 Qd8 16. O-O Qh4 17. Bg5 Bh6 18. Bxh6 Nf4 19. Bxf8 Rxf8 20. Nxf4 exf4 21. Ne2 g5 22. Rac1 f5 23. exf5 Rf6 24. Nd4 Rh6 25. h3 Kf7 26. Bxa6 bxa6 27. Rc7 Ke8 28. Qe1+ Kd8 29. Qxh4 Rxh4 30. Rxa7 h5 31. Ne6+ 1-0

[Event "Manitoba-ch"]
[Site "Winnipeg CAN"]
[Date "1999.02.13"]
[Round "1"]
[White "Gentes, Kevin"]
[Black "Gibbons, Michael"]
[Result "1-0"]
[WhiteElo "2366"]
[BlackElo "2085"]
[PlyCount "51"]
[GameId "2160767911805650"]
[EventDate "1999.02.13"]
[EventType "tourn"]
[EventRounds "7"]
[EventCountry "CAN"]

1. Nf3 Nf6 2. c4 e6 3. g3 d5 4. Bg2 dxc4 5. O-O b5 6. a4 c6 7. axb5 cxb5 8. Nd4 Nd5 9. Nxb5 Qb6 10. N1c3 Bb7 11. Qa4 Nd7 12. Qxc4 Rc8 13. Qa4 a6 14. Nxd5 exd5 15. Nc3 Rc4 16. Qa2 Nf6 17. Nxd5 Bxd5 18. Bxd5 Rc7 19. Qa4+ Kd8 20. Bg2 Bc5 21. e3 h5 22. d4 Bd6 23. Qxa6 Qb4 24. Bd2 Qxd2 25. Qxd6+ Nd7 26. Ra8+ 1-0

[Event "Manitoba-ch"]
[Site "Winnipeg CAN"]
[Date "1999.02.13"]
[Round "1"]
[White "Hellsten, Ole"]
[Black "Kaptsan, Aron"]
[Result "1/2-1/2"]
[WhiteElo "2004"]
[BlackElo "2182"]
[PlyCount "93"]
[GameId "2160767911805651"]
[EventDate "1999.02.13"]
[EventType "tourn"]
[EventRounds "7"]
[EventCountry "CAN"]

1. d4 Nf6 2. Nf3 e6 3. e3 d5 4. Bd3 Nbd7 5. b3 Bb4+ 6. Nbd2 Bc3 7. Rb1 e5 8. dxe5 Nxe5 9. Nxe5 Bxe5 10. Ba3 Bd6 11. Bxd6 Qxd6 12. Be2 O-O 13. c4 Bf5 14. Ra1 Rad8 15. O-O Rfe8 16. Nf3 Qb6 17. Qc1 c6 18. Qb2 Be4 19. Rac1 a5 20. c5 Qc7 21. Nd4 Qe5 22. Qd2 Ra8 23. Nf3 Qe7 24. Qd4 Qc7 25. h3 Bg6 26. Nd2 Ne4 27. Nxe4 Bxe4 28. Rfd1 Qe7 29. Bd3 Qg5 30. Bxe4 Rxe4 31. Qc3 f5 32. Rd4 Qe7 33. Rcd1 a4 34. b4 Rf8 35. Qc2 Ra8 36. a3 g6 37. Qc3 Kf7 38. b5 Qc7 39. Rxe4 fxe4 40. b6 Qe7 41. Rd4 Kg8 42. Qc2 Kf7 43. Rxa4 Rxa4 44. Qxa4 Qxc5 45. Qa7 Qe7 46. a4 d4 47. exd4 1/2-1/2

[Event "Manitoba-ch"]
[Site "Winnipeg CAN"]
[Date "1999.02.13"]
[Round "1"]
[White "Henson, Joshua"]
[Black "Gushuliak, Justin"]
[Result "1/2-1/2"]
[WhiteElo "2129"]
[BlackElo "2063"]
[PlyCount "84"]
[GameId "2160767911805652"]
[EventDate "1999.02.13"]
[EventType "tourn"]
[EventRounds "7"]
[EventCountry "CAN"]

1. e4 c5 2. Nf3 Nc6 3. Bb5 g6 4. O-O Bg7 5. Re1 Nf6 6. e5 Nd5 7. Nc3 Nc7 8. Bxc6 dxc6 9. Ne4 b6 10. Nf6+ Kf8 11. Ne4 h6 12. h3 Be6 13. d3 Kg8 14. c3 Kh7 15. d4 c4 16. b3 b5 17. Nc5 Bd5 18. Nd2 Ne6 19. Nxe6 Bxe6 20. bxc4 Qa5 21. Qb3 bxc4 22. Qa3 Qc7 23. Ne4 Bd5 24. Qa4 Rhe8 25. Ba3 Qd7 26. Qd1 f6 27. f4 Qf5 28. Qf3 fxe5 29. fxe5 Qxf3 30. gxf3 Rf8 31. Kf2 Rae8 32. Ke3 Rf5 33. Rg1 h5 34. Ng5+ Rxg5 35. Rxg5 Bh6 36. Rag1 Rf8 37. f4 Bxg5 38. Rxg5 Rf7 39. Rg1 e6 40. h4 Rb7 41. Kd2 Be4 42. Ke3 Bd5 1/2-1/2

[Event "Manitoba-ch"]
[Site "Winnipeg CAN"]
[Date "1999.02.13"]
[Round "2"]
[White "Baragar, Fletcher"]
[Black "Hellsten, Ole"]
[Result "1-0"]
[WhiteElo "2285"]
[BlackElo "2004"]
[PlyCount "64"]
[GameId "2160767911805653"]
[EventDate "1999.02.13"]
[EventType "tourn"]
[EventRounds "7"]
[EventCountry "CAN"]

1. d4 Nf6 2. c4 c5 3. d5 b5 4. cxb5 a6 5. bxa6 Bxa6 6. Nc3 g6 7. e4 d6 8. Bxa6 Nxa6 9. Nf3 Bg7 10. O-O O-O 11. Re1 Nd7 12. Bf4 f6 13. Rb1 Qa5 14. Nd2 Nc7 15. Nc4 Qa6 16. b3 Nb6 17. Nxb6 Qxb6 18. Qd3 Rfb8 19. Bd2 Ra6 20. h4 Qb7 21. h5 Kf7 22. Re3 Rh8 23. Rg3 g5 24. Qf3 h6 25. Re1 Qc8 26. Qd3 Qe8 27. a4 Kg8 28. Rh3 Kf7 29. f4 gxf4 30. Ne2 e5 31. dxe6+ Qxe6 32. Nxf4 Qe5 1-0

[Event "Manitoba-ch"]
[Site "Winnipeg CAN"]
[Date "1999.02.13"]
[Round "2"]
[White "Gibbons, Michael"]
[Black "Henson, Joshua"]
[Result "0-1"]
[WhiteElo "2085"]
[BlackElo "2129"]
[PlyCount "48"]
[GameId "2160767911805654"]
[EventDate "1999.02.13"]
[EventType "tourn"]
[EventRounds "7"]
[EventCountry "CAN"]

1. Nf3 Nf6 2. d4 g6 3. Nc3 Bg7 4. e4 d6 5. h3 O-O 6. Be3 c6 7. a4 Nbd7 8. a5 Rb8 9. e5 Ne8 10. Bc4 d5 11. Bd3 b6 12. a6 Nc7 13. Na2 c5 14. c4 Bxa6 15. cxd5 Bxd3 16. Qxd3 Nxd5 17. dxc5 Nxe3 18. Qxe3 bxc5 19. Nc3 Rxb2 20. O-O-O Rb6 21. Qd2 Rb7 22. e6 fxe6 23. Qe3 Qb6 24. Qd2 Qb3 0-1

[Event "Manitoba-ch"]
[Site "Winnipeg CAN"]
[Date "1999.02.13"]
[Round "2"]
[White "Kaptsan, Aron"]
[Black "Gentes, Kevin"]
[Result "0-1"]
[WhiteElo "2182"]
[BlackElo "2366"]
[PlyCount "80"]
[GameId "2160767911805655"]
[EventDate "1999.02.13"]
[EventType "tourn"]
[EventRounds "7"]
[EventCountry "CAN"]

1. d4 Nf6 2. c4 g6 3. Nc3 Bg7 4. e4 d6 5. f4 O-O 6. Nf3 c5 7. d5 b5 8. cxb5 Bb7 9. Bc4 a6 10. bxa6 Nxa6 11. O-O Nc7 12. Qe2 Nd7 13. Rd1 Nb6 14. Be3 Nxc4 15. Qxc4 Ba6 16. Qb3 Qd7 17. Qc2 Rfb8 18. Rac1 Nb5 19. Nxb5 Bxb5 20. b3 Ra3 21. Qd2 Rba8 22. Rc2 Qa7 23. Rdc1 Qa6 24. e5 Rxa2 25. b4 Rxc2 26. Rxc2 Bd3 27. Rc1 c4 28. Ne1 dxe5 29. Nxd3 cxd3 30. fxe5 Bxe5 31. Bc5 Qf6 32. Qxd3 Qf4 33. Qc4 Qxh2+ 34. Kf2 Bg3+ 35. Kf3 Ra3+ 36. Rc3 Qh5+ 37. Ke3 Qe5+ 38. Kd3 Rxc3+ 39. Qxc3 Qxd5+ 40. Bd4 e5 0-1

[Event "Manitoba-ch"]
[Site "Winnipeg CAN"]
[Date "1999.02.14"]
[Round "3"]
[White "Gentes, Kevin"]
[Black "Baragar, Fletcher"]
[Result "1/2-1/2"]
[WhiteElo "2366"]
[BlackElo "2285"]
[PlyCount "89"]
[GameId "2160767911805656"]
[EventDate "1999.02.13"]
[EventType "tourn"]
[EventRounds "7"]
[EventCountry "CAN"]

1. d4 Nf6 2. c4 e6 3. g3 d5 4. Bg2 Be7 5. Nf3 O-O 6. O-O dxc4 7. Qc2 a6 8. a4 Bd7 9. Qxc4 Bc6 10. Bg5 Bd5 11. Qd3 Be4 12. Qe3 Bxf3 13. Qxf3 Nc6 14. e3 Nd7 15. Bxe7 Qxe7 16. Qe2 e5 17. dxe5 Qxe5 18. Nd2 Rfd8 19. Nc4 Qe6 20. b4 Nxb4 21. Na5 Nc5 22. Nxb7 Nxb7 23. Bxb7 Rab8 24. Bg2 c5 25. Rad1 c4 26. Rxd8+ Rxd8 27. Rd1 Rxd1+ 28. Qxd1 Nd3 29. Bf1 Qe4 30. Qd2 g6 31. Bxd3 cxd3 32. f3 Qc4 33. Kf2 Qc2 34. Ke1 Qb1+ 35. Qd1 Qb4+ 36. Qd2 Qxa4 37. Qxd3 Qb4+ 38. Kd1 a5 39. Kc2 h5 40. Qd8+ Kg7 41. Qd5 Qe1 42. Qe5+ Kh7 43. Qd5 Qe2+ 44. Kb1 Qe1+ 45. Kc2 1/2-1/2

[Event "Manitoba-ch"]
[Site "Winnipeg CAN"]
[Date "1999.02.14"]
[Round "3"]
[White "Gushuliak, Justin"]
[Black "Gibbons, Michael"]
[Result "0-1"]
[WhiteElo "2063"]
[BlackElo "2085"]
[PlyCount "74"]
[GameId "2160767911805657"]
[EventDate "1999.02.13"]
[EventType "tourn"]
[EventRounds "7"]
[EventCountry "CAN"]

1. e4 c5 2. Nf3 Nc6 3. c3 d5 4. exd5 Qxd5 5. d4 Bg4 6. Be2 cxd4 7. cxd4 e6 8. h3 Bh5 9. Nc3 Bb4 10. O-O Qa5 11. d5 Rd8 12. dxc6 Rxd1 13. Rxd1 bxc6 14. Bd2 Nf6 15. a3 Be7 16. Nd4 Bxe2 17. Ncxe2 Qb6 18. b4 O-O 19. Rab1 Rd8 20. Be3 Nd5 21. Nf5 Nxe3 22. Nxe7+ Kf8 23. Rxd8+ Qxd8 24. fxe3 Kxe7 25. Nd4 Qb6 26. Rc1 Kd7 27. Rc5 f6 28. Rc3 f5 29. Rc5 g6 30. Nf3 Kd6 31. Nd2 Kd7 32. Nc4 Qa6 33. Ne5+ Kd6 34. Nc4+ Kc7 35. b5 Qa4 36. Ne5 Kd6 37. b6 axb6 0-1

[Event "Manitoba-ch"]
[Site "Winnipeg CAN"]
[Date "1999.02.14"]
[Round "3"]
[White "Hellsten, Ole"]
[Black "Cleto, Sam"]
[Result "1-0"]
[WhiteElo "2004"]
[BlackElo "1975"]
[PlyCount "131"]
[GameId "2160767911805658"]
[EventDate "1999.02.13"]
[EventType "tourn"]
[EventRounds "7"]
[EventCountry "CAN"]

1. d4 Nf6 2. Nf3 d5 3. e3 Bf5 4. c4 e6 5. Qb3 b6 6. Nc3 Be7 7. Be2 O-O 8. Nh4 dxc4 9. Qxc4 Be4 10. Nxe4 Nxe4 11. Nf3 c6 12. Qc2 Bb4+ 13. Nd2 f5 14. a3 Bxd2+ 15. Bxd2 Qh4 16. g3 Qh3 17. Bf1 Qg4 18. Bg2 Ng5 19. Qd1 a5 20. Rc1 Qxd1+ 21. Kxd1 Ne4 22. Ke2 Ra7 23. Rc2 Rc7 24. Rhc1 Rfc8 25. b4 axb4 26. Bxb4 Rd7 27. f4 Rcd8 28. g4 c5 29. dxc5 bxc5 30. Ba5 Re8 31. Bxe4 fxe4 32. Rxc5 Rd5 33. Rxd5 exd5 34. Rc5 Nd7 35. Rxd5 Nf6 36. Rd8 Rxd8 37. Bxd8 Nd5 38. Kd2 Kf7 39. a4 Ke8 40. Ba5 g6 41. Bc3 Nb6 42. a5 Nc4+ 43. Ke2 Kd7 44. a6 Nb6 45. Bd4 Na8 46. g5 Kc8 47. Kf2 Nc7 48. a7 Kb7 49. Kg3 Nd5 50. Kf2 Ne7 51. Kg3 Nf5+ 52. Kg4 Ka8 53. h4 Kb7 54. Bb6 Ka8 55. h5 Kb7 56. h6 Ka8 57. Kh3 Kb7 58. Kg2 Ka8 59. Kf2 Nd6 60. Ke2 Kb7 61. Kd1 Ka8 62. Kc2 Kb7 63. Kc3 Ka8 64. Kd4 Kb7 65. Kd5 Nb5 66. Kxe4 1-0

[Event "Manitoba-ch"]
[Site "Winnipeg CAN"]
[Date "1999.02.14"]
[Round "4"]
[White "Baragar, Fletcher"]
[Black "Henson, Joshua"]
[Result "1/2-1/2"]
[WhiteElo "2285"]
[BlackElo "2129"]
[PlyCount "113"]
[GameId "2160767911805660"]
[EventDate "1999.02.13"]
[EventType "tourn"]
[EventRounds "7"]
[EventCountry "CAN"]

1. d4 Nf6 2. c4 c5 3. d5 b5 4. cxb5 a6 5. bxa6 Bxa6 6. Nc3 g6 7. e4 Bxf1 8. Kxf1 d6 9. g3 Bg7 10. Kg2 O-O 11. Nf3 Nbd7 12. Re1 Qa5 13. Bg5 h6 14. Bd2 Ng4 15. Qe2 Rfb8 16. Rab1 Qa6 17. h3 Nge5 18. Nxe5 Nxe5 19. Qxa6 Rxa6 20. b3 Rab6 21. f4 Nd3 22. Re3 Nb4 23. Na4 Ra6 24. Bxb4 Rxb4 25. Rc1 Bd4 26. Rd3 Raxa4 27. bxa4 Rb2+ 28. Kf1 Rxa2 29. Rc4 e5 30. dxe6 fxe6 31. h4 h5 32. Rcxd4 cxd4 33. Rxd4 Kf7 34. Rxd6 Rxa4 35. e5 Ra2 36. Rd7+ Kf8 37. Ke1 Rg2 38. Rd3 Ke7 39. Kf1 Ra2 40. Re3 Rb2 41. Re2 Rb7 42. Kf2 Rb1 43. Kf3 Rh1 44. Ke4 Rg1 45. Re3 Kd8 46. Kd4 Ke7 47. Rb3 Rd1+ 48. Rd3 Rg1 49. Rc3 Rd1+ 50. Kc5 Rb1 51. Kc6 Rd1 52. Kc7 Rd7+ 53. Kb6 Rd1 54. Rc7+ Kf8 55. Rc3 Ke7 56. Kb7 Rd2 57. Rc7+ 1/2-1/2

[Event "Manitoba-ch"]
[Site "Winnipeg CAN"]
[Date "1999.02.14"]
[Round "4"]
[White "Cleto, Sam"]
[Black "Gibbons, Michael"]
[Result "0-1"]
[WhiteElo "1975"]
[BlackElo "2085"]
[PlyCount "102"]
[GameId "2160767911805661"]
[EventDate "1999.02.13"]
[EventType "tourn"]
[EventRounds "7"]
[EventCountry "CAN"]

1. e4 c5 2. Nf3 Nc6 3. d4 cxd4 4. Nxd4 Nf6 5. Nc3 e6 6. Ndb5 d6 7. Bg5 a6 8. Nd4 Be7 9. f4 h6 10. Bh4 Nxe4 11. Bxe7 Nxc3 12. Bxd8 Nxd1 13. Rxd1 Nxd8 14. b4 Ke7 15. Be2 Bd7 16. O-O Nc6 17. c4 Nxb4 18. Rb1 Nc6 19. Nf3 Rhb8 20. Rb6 Rc8 21. Rd1 Rc7 22. Nd2 Na5 23. Ne4 Bc6 24. Nxd6 Rd8 25. c5 Bd5 26. Rc1 Rdd7 27. Rc2 Nc6 28. Rd2 Nd8 29. Rc2 Rc6 30. Rxc6 Nxc6 31. Nc8+ Kd8 32. Nb6 Rc7 33. Na8 Nd4 34. Nxc7 Nxc2 35. Nxd5 exd5 36. Bf3 Kc7 37. Bxd5 f6 38. Be4 Nd4 39. Kf2 Ne6 40. Ke3 Nxc5 41. Bf5 Kd6 42. g4 g5 43. Bc8 Kd5 44. f5 Kc4 45. h3 Kc3 46. Ke2 b5 47. Ke3 a5 48. Kf3 b4 49. Kg3 a4 50. Be6 b3 51. axb3 Nxb3 0-1

[Event "Manitoba-ch"]
[Site "Winnipeg CAN"]
[Date "1999.02.14"]
[Round "4"]
[White "Hellsten, Ole"]
[Black "Gentes, Kevin"]
[Result "1/2-1/2"]
[WhiteElo "2004"]
[BlackElo "2366"]
[PlyCount "48"]
[GameId "2160767911805662"]
[EventDate "1999.02.13"]
[EventType "tourn"]
[EventRounds "7"]
[EventCountry "CAN"]

1. d4 Nf6 2. Nf3 g6 3. e3 Bg7 4. c4 O-O 5. Nc3 d6 6. Be2 Nbd7 7. O-O e5 8. b4 Re8 9. a4 h5 10. Ra3 Qe7 11. Re1 Nf8 12. Nd5 Nxd5 13. cxd5 e4 14. Nd2 Nh7 15. Rc3 Bf5 16. Ba3 Rac8 17. Qb3 h4 18. Rec1 Nf6 19. a5 Qd7 20. a6 b6 21. Rc6 Re7 22. Bb5 Qd8 23. R6c2 h3 24. g3 Bh6 1/2-1/2

[Event "Manitoba-ch"]
[Site "Winnipeg CAN"]
[Date "1999.02.14"]
[Round "4"]
[White "Kaptsan, Aron"]
[Black "Gushuliak, Justin"]
[Result "0-1"]
[WhiteElo "2182"]
[BlackElo "2063"]
[PlyCount "74"]
[GameId "2160767911805663"]
[EventDate "1999.02.13"]
[EventType "tourn"]
[EventRounds "7"]
[EventCountry "CAN"]

1. d4 Nf6 2. c4 c5 3. d5 b5 4. cxb5 a6 5. bxa6 Bxa6 6. Nc3 d6 7. f4 g6 8. Nf3 Bg7 9. e4 Bxf1 10. Rxf1 O-O 11. e5 Ne8 12. h4 Nc7 13. h5 Nd7 14. hxg6 hxg6 15. e6 fxe6 16. dxe6 Nxe6 17. Qd5 Bxc3+ 18. bxc3 Rf6 19. f5 Nb6 20. Qe4 gxf5 21. Qh4 Qf8 22. c4 Rg6 23. Rb1 Rg4 24. Qh5 Re4+ 25. Kd1 Na4 26. Rh1 Qg7 27. Bd2 Nd4 28. Rb7 Nxf3 29. gxf3 Qa1+ 30. Kc2 Qxa2+ 31. Kd1 Nc3+ 32. Bxc3 Qe2+ 33. Kc1 Ra1+ 34. Rb1 Rxb1+ 35. Kxb1 Qd3+ 36. Ka2 Re2+ 37. Bb2 Qxc4+ 0-1

[Event "Manitoba-ch"]
[Site "Winnipeg CAN"]
[Date "1999.02.20"]
[Round "5"]
[White "Gentes, Kevin"]
[Black "Cleto, Sam"]
[Result "1-0"]
[WhiteElo "2366"]
[BlackElo "1975"]
[PlyCount "53"]
[GameId "2160767911805664"]
[EventDate "1999.02.13"]
[EventType "tourn"]
[EventRounds "7"]
[EventCountry "CAN"]

1. d4 Nf6 2. c4 g6 3. Nc3 Bg7 4. e4 d6 5. Be2 O-O 6. Nf3 e5 7. O-O Nbd7 8. Re1 a6 9. b3 Re8 10. d5 Nf8 11. Bf1 h6 12. Ba3 g5 13. c5 Ng6 14. Nd2 h5 15. Nc4 Bf8 16. Na4 Kh7 17. cxd6 b5 18. dxc7 Qxc7 19. d6 Qb8 20. Nab6 bxc4 21. Nxa8 Qxa8 22. bxc4 Qc6 23. c5 g4 24. Rb1 Nd7 25. Bc4 Nxc5 26. Bxc5 Rd8 27. Qd5 1-0

[Event "Manitoba-ch"]
[Site "Winnipeg CAN"]
[Date "1999.02.20"]
[Round "5"]
[White "Gushuliak, Justin"]
[Black "Baragar, Fletcher"]
[Result "1/2-1/2"]
[WhiteElo "2063"]
[BlackElo "2285"]
[PlyCount "33"]
[GameId "2160767911805665"]
[EventDate "1999.02.13"]
[EventType "tourn"]
[EventRounds "7"]
[EventCountry "CAN"]

1. e4 e6 2. d4 d5 3. e5 c5 4. c3 Nc6 5. Nf3 Bd7 6. a3 Nge7 7. Be3 cxd4 8. cxd4 Nf5 9. Bd3 Be7 10. Nc3 Nxe3 11. fxe3 O-O 12. h4 h6 13. e4 Qb6 14. Na4 Qd8 15. Nc3 Qb6 16. Na4 Qd8 17. Nc3 1/2-1/2

[Event "Manitoba-ch"]
[Site "Winnipeg CAN"]
[Date "1999.02.20"]
[Round "5"]
[White "Henson, Joshua"]
[Black "Hellsten, Ole"]
[Result "1-0"]
[WhiteElo "2129"]
[BlackElo "2004"]
[PlyCount "37"]
[GameId "2160767911805666"]
[EventDate "1999.02.13"]
[EventType "tourn"]
[EventRounds "7"]
[EventCountry "CAN"]

1. e4 e6 2. d4 d5 3. Nd2 c5 4. Ngf3 Nc6 5. exd5 Qxd5 6. Bc4 Qd6 7. Ne4 Qc7 8. O-O cxd4 9. Nxd4 a6 10. Bg5 Nxd4 11. Qxd4 b5 12. Bb3 Bb7 13. Rad1 f6 14. Bxf6 gxf6 15. Nxf6+ Kf7 16. Nh5 Qc6 17. Nf4 Nf6 18. Bxe6+ Kg7 19. Nh5+ 1-0

[Event "Manitoba-ch"]
[Site "Winnipeg CAN"]
[Date "1999.02.20"]
[Round "6"]
[White "Baragar, Fletcher"]
[Black "Gibbons, Michael"]
[Result "1-0"]
[WhiteElo "2285"]
[BlackElo "2085"]
[PlyCount "67"]
[GameId "2160767911805667"]
[EventDate "1999.02.13"]
[EventType "tourn"]
[EventRounds "7"]
[EventCountry "CAN"]

1. d4 Nf6 2. c4 e6 3. Nf3 b6 4. g3 Bb7 5. Bg2 Be7 6. O-O O-O 7. Nc3 Ne4 8. Bd2 d6 9. Qc2 Nxc3 10. Bxc3 f5 11. Rad1 Qe8 12. b4 Nd7 13. Qb3 Bf6 14. a4 Rb8 15. Rd2 Kh8 16. Ra1 e5 17. dxe5 Nxe5 18. Nxe5 Bxg2 19. Kxg2 Bxe5 20. b5 Qe6 21. a5 f4 22. axb6 axb6 23. Ra7 Rf7 24. Bxe5 Qxe5 25. Qf3 Rbf8 26. g4 Qc5 27. Qd5 h6 28. Qxc5 bxc5 29. h4 g5 30. Kf3 Kg7 31. Rd5 Kg6 32. b6 cxb6 33. Rxd6+ Rf6 34. h5# 1-0

[Event "Manitoba-ch"]
[Site "Winnipeg CAN"]
[Date "1999.02.20"]
[Round "6"]
[White "Gentes, Kevin"]
[Black "Henson, Joshua"]
[Result "1-0"]
[WhiteElo "2366"]
[BlackElo "2129"]
[PlyCount "63"]
[GameId "2160767911805668"]
[EventDate "1999.02.13"]
[EventType "tourn"]
[EventRounds "7"]
[EventCountry "CAN"]

1. Nf3 Nf6 2. g3 c5 3. Bg2 g6 4. O-O Bg7 5. c4 O-O 6. Nc3 Nc6 7. d4 cxd4 8. Nxd4 Nxd4 9. Qxd4 d6 10. Qd2 Rb8 11. b3 a6 12. Bb2 b6 13. Rac1 Bb7 14. Nd5 Nxd5 15. cxd5 Bxb2 16. Qxb2 Qd7 17. Qd4 b5 18. Bf3 Rfc8 19. Bg4 f5 20. Bf3 Rc7 21. h4 Re8 22. h5 Rxc1 23. Rxc1 Rc8 24. Rf1 gxh5 25. Qf4 Rc5 26. Qg5+ Kh8 27. Qxh5 Kg7 28. e4 Rc8 29. exf5 Rf8 30. Be4 Rf6 31. g4 Kh8 32. Kg2 1-0